logo

Bir Sreshtho Munshi Abdur Rouf Library
Jhenaidah Cadet College

Part 1 Botany / (Record no. 8747)

MARC details
000 -LEADER
fixed length control field 00584nam a2200217 a 4500
001 - CONTROL NUMBER
JCCL Control Number 8747
003 - CONTROL NUMBER IDENTIFIER
JCCL marc code BD-JhCC
005 - DATE AND TIME OF LATEST TRANSACTION
control field 20180303172940.0
008 - FIXED-LENGTH DATA ELEMENTS--GENERAL INFORMATION
fixed length control field 180303s1976 b a|||| || | 000 0 eng d
035 ## - SYSTEM CONTROL NUMBER
system control number (BD-JhCC)8747
040 ## - CATALOGING SOURCE
Original cataloging agency BD-JhCC
Modifying agency BD-JhCC
041 ## - LANGUAGE CODE
Language code of Book eng
082 ## - DEWEY DECIMAL CLASSIFICATION NUMBER
Classification number 581
Author mark and Year FAT 1976
100 ## - MAIN ENTRY--PERSONAL NAME
Personal name Fattah, Dr. Quazi Abdul
245 ## - TITLE STATEMENT
Title Part 1 Botany /
Statement of responsibility, etc Dr. Quazi Abdul Fattah, Md. Abul Hassan and Dr. Syed Haduzzaman Khushida Banu
260 ## - PUBLICATION, DISTRIBUTION, ETC. (IMPRINT)
Place of publication, distribution, etc Dacca :
Date of publication, distribution, etc 1976.
300 ## - PHYSICAL DESCRIPTION
Pagination 456 & 26 P. :
Other physical details ill. ;
Dimensions 22 cm.
650 ## - SUBJECT ADDED ENTRY--TOPICAL TERM
Topical term or geographic name as entry element Botany
942 ## - ADDED ENTRY ELEMENTS (KOHA)
Source of classification or shelving scheme Dewey Decimal Classification
Koha item type Books
Holdings
Source of classification or shelving scheme Damaged status Not for loan Home library Current library Shelving location Total Checkouts Full call number Barcode Date last seen Copy number Koha item type
Dewey Decimal Classification     JCC Rouf Library JCC Rouf Library General Stacks   581 FAT 1976 9148 03/03/2018 C - 1 Books

JCC Library | Contacts | JCC Home

Last Update on 23 September 2017
Copyright @ 2017-2020 JCC Rouf Library
Rouf Library, Jhenidah Cadet College (JCC), Bangladesh